00941nam a2200205Ia 4500003000900000008004100009020001800050040001600068080002300084111012600107245019300233260003700426300001500463490005100478650002500529700002600554942000700580999001700587952013100604IN-BaIIA211028s9999 xx 000 0 eng d a0-7923-4598-3 cIIA Library a52(082.1)bASS-215 aWorkshop on Infrared Space Interferometry-Astrophysics and the Study of Earth-Like PlanetscSpaind1996 Mar. 11-14921435 0aInfrared space interferometry-astrophysics and the study of earth-like planetsbproceedings of the workshop held in Toledo, Spain, Mar 11-14, 1996cedited by C. Eiroa  aDordrechtbKluwer Academicc1997 axvi, 322p. aAstrophysics and space science library; v. 215 aInterferometry93249 aEiroa, C., ed.921436 cBK c12257d12257 00104070aBANbBANcGENd1997-10-03g4368.00l0o52(082.1)/ ASS-215p13173r2021-11-05v4368.00w1997-10-03yBKGRs. 4368.00